| 000 | 00381nam a22001457a 4500 | ||
|---|---|---|---|
| 003 | OSt | ||
| 005 | 20160727222407.0 | ||
| 008 | 160624b xxu||||| |||| 00| 0 eng d | ||
| 040 | _cTEST | ||
| 100 |
_9878 _aMicrosoft Corporation |
||
| 245 | _aMicrosoft Windows NT Work Station | ||
| 260 |
_aMICROSOFT CORPORATION _c1996 |
||
| 300 | _aMicrosoft Windows NT Work Station | ||
| 942 |
_2ddc _cBK |
||
| 999 |
_c696 _d696 |
||